Statistics for B answer quiz

Click here to take the quiz!

General Stats

  • This quiz has been taken 60 times
    (50 since last reset)
  • The average score is 6 of 15

Answer Stats

HintAnswer% Correct
A Person employed to prevent trouble at a nightclubBouncer
95%
A large, South American snake that suffocates it's preyBoa Constrictor
77%
Large island in CanadaBaffin
65%
Southern African CountryBotswana
65%
Something tastelessBland
58%
Opposite of Aft on a shipBow
58%
He sang "Mandy" and "Can't smile without you"Barry Manilow
53%
Prussian statesman, or a battleshipBismarck
33%
1957 novel about POWs in Burma.Bridge on the River Kwai
30%
Insectivorous marsupial native to AustaliaBandicoot
16%
Woman's garment, similar to a blouseBodice
12%
Printer, whose success as an author brought him to politics during the American RevolutionBen Franklin
9%
CigaretteBlunt
9%
Back part of a gunButtstock
9%
Salty, or briny waterBrackish
7%

Score Distribution

Percentile by Number Answered

Percent of People with Each Score

Your Score History

You have not taken this quiz since the last reset